| 000 | 00599nmm a2200169Ia 4500 | ||
|---|---|---|---|
| 008 | 251105s9999||||xx |||||||||||||||||und|| | ||
| 020 | _a9788484892380 | ||
| 041 | _aspa | ||
| 100 | _aJulio, M. Teresa (edición, prólogo y notas) | ||
| 245 | 0 |
_aAcademia burlesca que se hizo en Buen Retiro a la majestad de Filipo Cuarto el Grande : _b Año de 1637 |
|
| 264 |
_a[Madrid, España] : _bIberoamericana Vervuert, _c2007 |
||
| 300 | _a278 páginas | ||
| 490 | _aBiblioteca Áurea Hispánica | ||
| 650 | _aSpanish literature | ||
| 856 | _uhttps://public.digitaliapublishing.com/a/15402 | ||
| 942 | _cCF | ||
| 999 |
_c86553 _d86553 |
||